Catalanes famosos por imagen - Estadísticas

Estadísticas generales
  • Esta prueba ha sido intentada 3.187 veces
  • La puntuación promedio es 13 de 20
Estadísticas de respuestas
Imagen Hint Respuesta % Correcto
Barcelona Gerard Piqué
97%
San Cugat del Vallés Rosalía
96%
Barcelona Aitana
91%
Barcelona Pau Gasol
91%
Tarrasa Xavi Hernández
90%
Sampedor Pep Guardiola
88%
Badalona AuronPlay
87%
Amer Carles Puigdemont
84%
Figueras Salvador Dalí
84%
Vilassar de Mar Bad Gyal
77%
Mollet del Vallés Alèxia Putellas Segura
72%
San Pedro de Vilamajor Úrsula Corberó
71%
Barcelona Ada Colau
61%
Barcelona Josep Maria Bartomeu
56%
Cardona Berto Romero
50%
Reus Antoni Gaudí
46%
Tiana Vicco
31%
Tarrós Lluís Companys
23%
Corbera de Llobregat Laia Sanz
7%
Gerona Wilfredo el Velloso
7%
No se encontraron pruebas coincidentes
Distribución de puntuación
Porcentaje de gente con cada puntuación
Porcentaje por número respondido
Historial de tus puntuaciones
No has intentado esta prueba.